Gustáv Mallý

Bibliographic Details
Main Author: Váross, Marián, 1923-1988 (Author)
Format: Book
Language:Slovak
Published: Bratislava Tatran 1988
Edition:1. vyd.
Series:Profily
Subjects:

MARC

LEADER 00000nam a2200000 a 4500
001 vtls001079904
003 SK-MaSNL
005 20260301141715.0
008 180814s1988 xo 00100bslo
015 |a SNBA1989/02 
035 |a SNK000022741 
040 |a SNK  |b slo  |c SNK  |e AACR2 
041 0 |a slo  |b eng  |b ger  |b rus 
044 |a xo  |c SK 
080 |a 75(437.6):929  |2 1981 
080 |a 929  |2 1981 
080 |a 929 Mallý, Gustáv  |2 1981 
100 1 |a Váross, Marián,  |d 1923-1988  |4 aut  |9 105774 
245 1 0 |a Gustáv Mallý  |c Marian Váross 
250 |a 1. vyd. 
260 |a Bratislava  |b Tatran  |c 1988  |e Košice  |f Východoslovenské tlačiarne 
300 |a 179 s.  |b fotogr.  |c 27 cm 
490 1 |a Profily  |v zv. 66 
500 |a Rozlož. tit. list. Zozn. Reprod. diel 
546 |a Rus., nem. a angl. res. 
600 1 7 |a Mallý, Gustáv,  |d 1879-1952  |2 SNKMA  |9 193716 
650 0 7 |a maliari  |2 SNKPH  |9 3150 
655 7 |a monografie  |2 SNKPH  |9 70139 
830 0 |a Profily  |9 279435 
958 |a BX 
958 |a TL 
958 |a OND 
999 |c 768024  |d 769954 
952 |t P60, <04>, [BOOK], {604}  |a SNK  |b SNK  |y VYP  |7 0  |p 17A0156066  |o snkSB 44485 D1  |0 0  |1 0  |4 0  |d 1998-08-13  |l 0  |r 2004-12-31 00:00:00  |w 2026-02-24 
952 |a SNK  |b SNK  |y PREZ  |7 0  |p 17A0852558  |o snkSB 44485  |0 0  |1 0  |4 0  |d 2012-07-10  |f 1  |l 0  |r 2026-02-24 00:25:27  |w 2026-02-24